Anti-Dumping Measures under GATT/WTO (Record no. 2771)

MARC details
000 -LEADER
fixed length control field 00406nam a22001697a 4500
005 - DATE AND TIME OF LATEST TRANSACTION
control field 20180223151743.0
008 - FIXED-LENGTH DATA ELEMENTS--GENERAL INFORMATION
fixed length control field 160615b xxu||||| |||| 00| 0 eng d
020 ## - INTERNATIONAL STANDARD BOOK NUMBER
ISBN 81-7812-816-1
041 ## - LANGUAGE CODE
Language code of text/sound track or separate title eng
082 ## - DEWEY DECIMAL CLASSIFICATION NUMBER
Item number 7750
Classification number 330
100 ## - MAIN ENTRY--AUTHOR NAME
Personal name Rai, Sheela
245 ## - TITLE STATEMENT
Title Anti-Dumping Measures under GATT/WTO
260 ## - PUBLICATION, DISTRIBUTION, ETC. (IMPRINT)
Name of publisher Eastern book Company
300 ## - PHYSICAL DESCRIPTION
Number of Pages 485
650 ## - SUBJECT ADDED ENTRY--TOPICAL TERM
Topical Term Management
942 ## - ADDED ENTRY ELEMENTS (KOHA)
Koha item type Books
Holdings
Lost status Damaged status Home library Current library Shelving location Date acquired Cost, normal purchase price Full call number Accession Number Koha item type Collection code
    JRU Library   SHELF-30-J 15/06/2016 695.00 330 7750 Books  
    JRU Library JRU Library SHELF-61-G 15/06/2016 695.00 330 7751 Books MANAGEMENT
    JRU Library JRU Library SHELF-41-I 15/06/2016 695.00 330 7752 Books MANAGEMENT